000 00435nam a22001817a 4500
003 MPLRDC
005 20220104162441.0
008 210129b ||||| |||| 00| 0 eng d
020 _a983-3703-15-9
082 _a868.71 ZDX-4
100 _a郑丁贤等
245 _a夜风晨雨:2
_c
250 _a初版
260 _a马来西亚
_b星洲日报
_c2007
300 _b
650 _a马华文学
942 _cBK
_o868.71 ZDX-4
999 _c55974
_d55964